Orquídeas : (Registro nro. 2501)

Detalles MARC
000 -CABECERA
Campo de control 00846nam a2200229 a 4500
005 - FECHA Y HORA DE LA ULTIMA TRANSACCION
Campo de control 20160930020002.0
008 - ELEMENTOS DE LONGITUD FIJA—INFORMACION GENERAL
Campo de control 140310b2001 ck a fr|||| 00| 0 spa d
020 ## - ISBN
ISBN 9586380247
040 ## - FUENTE DE CATALOGACIÓN
Agencia catalogadora original CO-BoIAVH
Agencia transcriptora CO-BoIAVH
041 0# - IDIOMA
Código de idioma para texto/pista de sonido o título separado Español
044 ## - PAÍS DE PUBLICACIÓN
País de publicación Colombia
082 04 - NUMERO DE CLASIFICACION DECIMAL DEWEY
Número de clasificación 584.4
Número del ítem V14o
100 1# - ASIENTO PRINCIPAL--NOMBRE PERSONAL
Nombre personal Ortiz V., Pedro
9 (RLIN) 12571
245 10 - MENCION DE TITULO
Título Orquídeas :
Parte restante del título curso introductorio a la taxonomía de la familia Orchidaceae en Colombia /
Mención de responsabilidad Pedro Ortíz V. y Gustavo Adolfo Aguirre A.
260 ## - PUBLICACION, DISTRIBUCION, ETC. (PIE DE IMPRENTA)
Lugar de publicación, distribución, etc. Villa de Leyva (Boyacá) :
Nombre del editor, distribuidor, etc. Compañía litográfica nacional,
Fecha de publicación, distribución, etc. 2001.
300 ## - DESCRIPCION FISICA
Extensión 50 páginas aproximadamente :
Otros detalles físicos ilustraciones ;
Dimensiones 33 x 22 centímetros
650 14 - ASIENTO SECUNDARIO DE MATERIA - TERMINO TEMATICO
Término temático o nombre geográfico como elemento de entrada Orquídeas
9 (RLIN) 65714
650 26 - ASIENTO SECUNDARIO DE MATERIA - TERMINO TEMATICO
Término temático o nombre geográfico como elemento de entrada Orchidaceae
Subdivisión general Taxonomía
9 (RLIN) 65715
650 26 - ASIENTO SECUNDARIO DE MATERIA - TERMINO TEMATICO
Término temático o nombre geográfico como elemento de entrada Orchidaceae
Subdivisión de forma Inventarios
9 (RLIN) 65716
700 1# - ASIENTO SECUNDARIO - NOMBRE PERSONAL
Nombre personal Aguirre Arias, Gustavo Adolfo
Término de relación autor
9 (RLIN) 53538
942 ## - ELEMENTOS ADICIONALES (KOHA)
Tipo de ítem Libro
Sistema de clasificación Dewey Decimal Classification
Koha issues (borrowed), all copies 1
Existencias
Withdrawn status Lost status Sistema de Clasificación Damaged status No para préstamo Colección Inventariado Ubicación Permanente Ubicación actual Fecha de adquisición Fuente de Valor Valor Total Checkouts Total Renewals Número topográfico Inventario / Código de Barras Date last seen Date checked out Ejemplar Price effective from Forma de adquisición Tipo de material
    Dewey Decimal Classification     General Inventariado 2017 Bogotá Bogotá 06/02/2004 Instituto 39000.00 3 1 LB-584.4 V14o 009416 20/06/2018 20/06/2018 Ej. 1 04/12/2012   Libro